Data science and big data analytics: a step by step guide to learn data science from scratch with python machine learning and big data/ (Record no. 609808)

000 -LEADER
fixed length control field 00618nam a22001817a 4500
020 ## - INTERNATIONAL STANDARD BOOK NUMBER
International Standard Book Number 9781801779524
082 ## - DEWEY DECIMAL CLASSIFICATION NUMBER
Classification number 005.75
Author Mark PAR
100 ## - MAIN ENTRY--PERSONAL NAME
Personal name Andrew Park
245 ## - TITLE STATEMENT
Title Data science and big data analytics: a step by step guide to learn data science from scratch with python machine learning and big data/
Statement of responsibility, etc. Andrew Park
260 ## - PUBLICATION, DISTRIBUTION, ETC.
Place of publication, distribution, etc. USA:
Name of publisher, distributor, etc. Andrew Park;
Date of publication, distribution, etc. 2021.
300 ## - PHYSICAL DESCRIPTION
Extent 122p.
563 ## - BINDING INFORMATION
Binding note PB.
650 ## - SUBJECT ADDED ENTRY--TOPICAL TERM
Topical term or geographic name entry element Data science
650 ## - SUBJECT ADDED ENTRY--TOPICAL TERM
Topical term or geographic name entry element data analytics
650 ## - SUBJECT ADDED ENTRY--TOPICAL TERM
Topical term or geographic name entry element E-BOOKBANK.SEECSTEXTBOOK
856 ## - Uniform Resource Identifier
Uniform Resource Identifier <a href="http://10.250.8.41:8080/xmlui/handle/123456789/44170">http://10.250.8.41:8080/xmlui/handle/123456789/44170</a>
942 ## - ADDED ENTRY ELEMENTS (KOHA)
Source of classification or shelving scheme
Koha item type Book
650 ## - SUBJECT ADDED ENTRY--TOPICAL TERM
-- 119982
650 ## - SUBJECT ADDED ENTRY--TOPICAL TERM
-- 123713
650 ## - SUBJECT ADDED ENTRY--TOPICAL TERM
-- 125472
Holdings
Withdrawn status Lost status Source of classification or shelving scheme Damaged status Not for loan Permanent Location Current Location Date acquired Source of acquisition Total Checkouts Full call number Barcode Date last seen Price effective from Koha item type
          Central Library (CL) Central Library (CL) 06/14/2024 Golden Books Lahore   005.75 PAR CL-1572 08/23/2024 06/14/2024 Book
          Central Library (CL) Central Library (CL) 06/27/2024     280 SCB SCB-1572 06/27/2024 06/27/2024 Book
© 2023 Central Library, National University of Sciences and Technology. All Rights Reserved.